• 首页
  • 本馆介绍
  • 公告通知
  • 最新文献
  • 馆藏检索
  • 电子资源
  • 读者导购
  • 参考咨询
  • 我的图书馆
  • 登录
  • 详细信息显示
  • 放入我的书架
  • 预约/预借图书
  • 作者相关作品
  • 分类相关作品
  • 丛书相关作品
  • 出版社相关作品

书目信息

  • 表格格式
  • 工作单格式
  • 卡片格式
题名:
模式识别方法在化学化工中的应用
    
 
作者: 陈念贻 , 钦佩 , 陈瑞亮 , 陆文聪 著
分册:  
出版信息: 北京   科学出版社  2000
页数: 323页
开本: 20cm
丛书名: 计算机化学化工丛书
单 册:
中图分类: TQ021.8
科图分类:
主题词: 模式识别--应用--化学系统工程
电子资源:
ISBN: 7-03-008393-8
000 00828nam0 2200265 45
001 0303251621
005 20031219104108.1
010    @a7-03-008393-8@dCNY27.00
100    @a20030325d2000 km y0chiy0120 ea
101 0  @achi
105    @a z 000yy
200 1  @a模式识别方法在化学化工中的应用@AMo Shi Shi Bie Fang Fa Zai Hua Xue Hua Gong Zhong De Ying Yong@f陈念贻等著@FChen Nian Yi Deng Zhu
210    @a北京@c科学出版社@d2000
215    @a323页@d20cm
225    @a计算机化学化工丛书@f许志宏主编
410    @12001 @a计算机化学化工丛书
410    @1700 0@a许志宏@AXu Zhi Hong@4主编
606 0  @a模式识别@x应用@x化学系统工程
690    @aTQ021.8@v4
701  0 @a陈念贻@4著
701  0 @a钦佩@4著
701  0 @a陈瑞亮@4著
701  0 @a陆文聪@4著
801    @aCN@bTSTC@c20030325
905    @b321648-650@dTQ021.8@e58@f3
    
    模式识别方法在化学化工中的应用/陈念贻等著.-北京:科学出版社,2000
    323页;20cm.-(计算机化学化工丛书/许志宏主编)
    
    
    ISBN 7-03-008393-8:CNY27.00
    
●
相关链接 在E读中查询图书 在五车中查询图书 在当当中查询图书 在豆瓣中查询图书


正题名:模式识别方法在化学化工中的应用     索取号:TQ021.8/58         预约/预借

序号 登录号 条形码 馆藏地/架位号 状态 备注
1 0321648   203216484   第三借阅区/ [索取号:TQ021.8/58] 在馆    
2 0321649   203216493   第三借阅区/ [索取号:TQ021.8/58] 在馆    
3 0321650   203216509   第二样本阅览室/ [索取号:TQ021.8/58] 在馆    
唐山师范学院图书馆 欢迎您!
大连网信软件有限公司© 版权所有